[Event "Gideon Japhet ACP Open 2018"]
[Site "Jerusalem"]
[Date "2018.07.06"]
[Round "7"]
[White "Itzhaky, Shmuel"]
[Black "Agrest, Inna"]
[Result "1-0"]
[WhiteElo "2111"]
[BlackElo "2303"]
[Annotator "NA"]
[PlyCount "149"]
[EventDate "2018.07.01"]
[EventType "swiss"]
[EventCountry "ISR"]
[SourceTitle "playchess.com"]
[Source "ChessBase"]
[SourceQuality "1"]
[TimeControl "40/5400+30:1800+30"]

{[%evp 8,149,26,7,36,29,29,16,25,17,21,0,33,48,53,43,83,46,77,31,32767,48,64,81,32767,65,32767,32767,32767,0,32767,32767,0,32767,32767,32767,32767,32767,32767,32767,32767,32767,32767,32767,32767,32767,32767,32767,32767,32767,32767,32767,32767,32767,32767,32767,101,32767,32767,32767,32767,32767,106,88,166,132,32767,32767,32767,32767,32767,32767,98,100,32767,32767,32767,128,32767,32767,32767,32767,643,32767,32767,718,622,32767,656,0,325,32767,0,0,8,8,8,0,0,0,0,0,32767,0,8,0,51,0,0,0,32767,58,58,58,1100,1152,12851,5873,29960,32767,32767,32767,11087,12839,4610,12359,29965,29966,29965,29970,29971,29963,5776,29976,29975,29978,29976,29980,29979,29981,32767,32767,32767,29982]} 1. d4 {[%emt 0:00:00]} Nf6 {[%emt 0:04:02]} 2. Bg5 {[%emt 0:00:00]} c5 {[%emt 0:00:53]} 3. Bxf6 {[%emt 0:00:02]} gxf6 {[%emt 0:00:19]} 4. dxc5 {[%emt 0:00:10]} Qa5+ {[%emt 0:02:13]} 5. Nc3 {[%emt 0:00:17] LiveBook: 11 Partien A45: Trompowsky Attack} Qxc5 {[%emt 0:01:28]} 6. e4 {[%emt 0:00:42]} Bg7 {[%emt 0:03:19]} 7. Qd5 $146 {[%emt 0:03:50]} ({Predecessor:} 7. Qf3 O-O 8. Bd3 Nc6 9. Nge2 d6 10. Nd5 Re8 11. O-O a5 12. Qg3 Ne5 {0-1 (72) Haubt,G (2300)-Schmidt,J (2155) Germany 1998}) 7... Qxd5 {[%emt 0:10:29]} 8. Nxd5 {[%emt 0:01:58]} Kd8 $1 {[%emt 0:00:10]} 9. f4 {[%emt 0:04:20]} d6 {[%emt 0:01:51]} 10. O-O-O {[%emt 0:03:08]} Bd7 {[%emt 0:08:10]} 11. Nf3 {[%emt 0:12:32]} Nc6 {[%emt 0:02:13]} 12. g3 {[%emt 0:04:01]} Rc8 {[%emt 0:02:08]} 13. Bb5 {[%emt 0:11:32]} h5 {[%emt 0:11:35]} 14. c3 {[%emt 0:05:36]} Bg4 {[%emt 0:08:33] [#]} 15. Be2 $1 {[%emt 0:02:34]} Na5 {[%emt 0:15:25]} 16. Ne3 {[%emt 0:03:50]} Be6 {[%emt 0:03:14]} 17. Rd4 {[%emt 0:07:10]} Nc6 {[%emt 0:03:52]} 18. Rd2 {[%emt 0:03:27]} Bxa2 {[%emt 0:02:51]} 19. Nf5 {[%emt 0:00:54]} Bf8 {[%emt 0:00:35]} 20. b4 {[%emt 0:07:54]} Be6 {[%emt 0:00:19]} 21. Kb2 {[%emt 0:01:03]} a6 {[%emt 0:06:13]} 22. N3d4 {[%emt 0:03:02]} Nxd4 {[%emt 0:00:40]} 23. Rxd4 {[%emt 0:00:59]} Bd7 {[%emt 0:01:04]} 24. Rhd1 {[%emt 0:04:55]} h4 {[%emt 0:04:02]} 25. Nxh4 {[%emt 0:06:18]} e5 {[%emt 0:00:12]} 26. fxe5 {[%emt 0:01:39]} fxe5 {[%emt 0:00:04]} 27. R4d2 {[%emt 0:00:29]} Be7 {[%emt 0:00:43]} 28. Bf3 {[%emt 0:02:10]} Ba4 {[%emt 0:02:59]} 29. Ra1 {[%emt 0:02:45]} Bb5 {[%emt 0:01:02]} 30. Nf5 {[%emt 0:00:31]} Bd7 {[%emt 0:01:31]} 31. h4 {[%emt 0:02:24]} Rg8 {[%emt 0:01:05]} 32. g4 {[%emt 0:01:39]} Bxf5 {[%emt 0:00:37]} 33. exf5 {[%emt 0:00:09]} e4 {[%emt 0:01:18]} 34. Bxe4 {[%emt 0:03:24]} Rxg4 {[%emt 0:00:06]} 35. Bxb7 {[%emt 0:00:16]} Rb8 {[%emt 0:00:08]} (35... Rxc3 $16 36. f6 (36. Kxc3 Bf6+ 37. Kb3 Bxa1 $16) (36. Rxa6 Rc7 $11) 36... Rh3 37. fxe7+ Kxe7) 36. Bxa6 {[%emt 0:00:55]} Rxh4 {[%emt 0:00:07]} 37. Rg1 {[%emt 0:00:48]} Kc7 {[%emt 0:00:43]} 38. Rd3 {[%emt 0:00:58]} Bf6 {[%emt 0:00:19]} 39. Kb3 {[%emt 0:00:36]} Rf4 {[%emt 0:00:30]} 40. Bc4 {[%emt 0:00:15]} Rxf5 {[%emt 0:01:10]} 41. Bxf7 {[%emt 0:30:11]} Rf2 {[%emt 0:03:08]} 42. Bd5 {[%emt 0:00:00]} Rh8 {[%emt 0:02:07]} 43. Ra1 {[%emt 0:00:00]} Rhh2 {[%emt 0:10:25]} 44. Ra7+ {[%emt 0:00:00]} Kb8 {[%emt 0:08:36]} 45. Rb7+ {[%emt 0:00:00]} Kc8 {[%emt 0:00:03] [#]} 46. Rg3 $1 {[%emt 0:00:00]} Rd2 {[%emt 0:05:53]} 47. Rg8+ {[%emt 0:00:00]} Bd8 {[%emt 0:00:05]} 48. c4 $2 {[%emt 0:00:00]} (48. Bc6 $18 Rb2+ 49. Kc4 d5+ 50. Bxd5 Rh4+ 51. Kc5) 48... Rd3+ {[%emt 0:03:10]} 49. Ka4 {[%emt 0:00:00]} Rxd5 $1 {[%emt 0:00:51]} 50. cxd5 {[%emt 0:00:00]} Kxb7 {[%emt 0:00:12]} 51. Rxd8 {[%emt 0:00:00]} Kc7 {[%emt 0:00:10]} 52. Rg8 {[%emt 0:00:00]} Rh5 {[%emt 0:01:35]} 53. Ka5 {[%emt 0:00:00]} Rxd5+ {[%emt 0:00:15]} 54. Ka6 {[%emt 0:00:00]} Rd1 {[%emt 0:00:55]} 55. Rg7+ {[%emt 0:00:00]} Kc8 {[%emt 0:00:52]} 56. b5 {[%emt 0:00:00]} Ra1+ {[%emt 0:00:34]} 57. Kb6 {[%emt 0:00:00]} d5 {[%emt 0:00:09]} 58. Rg5 {[%emt 0:01:06]} d4 {[%emt 0:00:20]} 59. Rc5+ $1 {[%emt 0:00:09]} Kb8 {[%emt 0:00:36]} 60. Rd5 {[%emt 0:00:09]} Kc8 $2 {[%emt 0:00:13]} (60... Rc1 $16 61. Rd8+ (61. Rxd4 Kc8 $16) 61... Rc8 62. Rxd4 Rg8) 61. Rxd4 {[%emt 0:00:07]} Rh1 {[%emt 0:01:19]} 62. Rg4 {[%emt 0:00:58]} Rh6+ {[%emt 0:00:29]} 63. Ka7 {[%emt 0:00:14]} Rh7+ {[%emt 0:00:14]} 64. Ka6 {[%emt 0:00:16]} (64. Ka8 Kc7) 64... Rh1 $2 {[%emt 0:00:59]} 65. Rg8+ {[%emt 0:00:44]} Kd7 {[%emt 0:00:27]} 66. b6 {[%emt 0:01:35]} Ra1+ {[%emt 0:00:19] [#]} 67. Kb7 $1 {[%emt 0:00:07]} Rb1 {[%emt 0:00:19]} 68. Rg2 {[%emt 0:00:56]} Rb3 {[%emt 0:01:00]} 69. Rd2+ {[%emt 0:00:40]} Ke6 {[%emt 0:00:11]} 70. Kc7 {[%emt 0:00:24]} Rc3+ {[%emt 0:00:12]} 71. Kb8 {[%emt 0:00:13]} Ke7 {[%emt 0:00:13]} 72. Ra2 {[%emt 0:02:24]} Kd8 {[%emt 0:00:35]} 73. b7 {[%emt 0:00:25]} Rb3 {[%emt 0:00:51]} 74. Ka8 {[%emt 0:00:13]} Kc7 {[%emt 0:00:31]} 75. Rc2+ {[%emt 0:00:07]} 1-0

[Event "Gideon Japhet ACP Open 2018"]
[Site "Jerusalem"]
[Date "2018.07.06"]
[Round "7"]
[White "Gorodetzky, Matan"]
[Black "Ushenina, Anna"]
[Result "0-1"]
[WhiteElo "2060"]
[BlackElo "2447"]
[Annotator "ChessBase"]
[PlyCount "88"]
[EventDate "2018.07.01"]
[EventType "swiss"]
[EventCountry "ISR"]
[SourceTitle "playchess.com"]
[Source "ChessBase"]
[SourceQuality "1"]
[TimeControl "40/5400+30:1800+30"]

1. Nf3 {[%emt 0:00:06]} d5 {[%emt 0:01:54]} 2. d4 {[%emt 0:01:25]} e6 {[%emt 0:00:44]} 3. e3 {[%emt 0:00:17]} Nf6 {[%emt 0:03:14]} 4. c4 {[%emt 0:00:30]} Bd6 {[%emt 0:01:24]} 5. cxd5 {[%emt 0:04:09]} exd5 {[%emt 0:00:13]} 6. Bd3 {[%emt 0:00:27]} O-O {[%emt 0:02:41]} 7. O-O {[%emt 0:01:06]} Re8 {[%emt 0:00:59]} 8. Nc3 {[%emt 0:01:00]} c6 {[%emt 0:05:58]} 9. Qc2 {[%emt 0:04:42]} Nbd7 {[%emt 0:04:51]} 10. b3 {[%emt 0:05:01]} Nf8 {[%emt 0:03:44]} 11. Bb2 {[%emt 0:06:04]} Bg4 {[%emt 0:01:43]} 12. Ne2 {[%emt 0:08:53]} Ng6 {[%emt 0:12:22]} 13. Ng3 {[%emt 0:08:09]} Bxf3 {[%emt 0:16:40]} 14. gxf3 {[%emt 0:00:21]} Nh4 {[%emt 0:00:27]} 15. f4 {[%emt 0:02:30]} g6 {[%emt 0:03:37]} 16. Kh1 {[%emt 0:03:32]} Qd7 {[%emt 0:06:28]} 17. f5 {[%emt 0:04:47]} Bxg3 {[%emt 0:07:40]} 18. fxg3 {[%emt 0:04:31]} Nxf5 {[%emt 0:00:11]} 19. Bxf5 {[%emt 0:00:12]} gxf5 {[%emt 0:00:04]} 20. Qxf5 {[%emt 0:03:10]} Qxf5 {[%emt 0:00:36]} 21. Rxf5 {[%emt 0:00:03]} Ne4 {[%emt 0:01:06]} 22. Raf1 {[%emt 0:02:55]} f6 {[%emt 0:00:18]} 23. g4 {[%emt 0:03:59]} Re6 {[%emt 0:01:13]} 24. Ba3 {[%emt 0:02:48]} Kg7 {[%emt 0:05:34]} 25. Kg2 {[%emt 0:01:08]} Rae8 {[%emt 0:04:42]} 26. h4 {[%emt 0:05:27]} a5 {[%emt 0:05:35]} 27. g5 {[%emt 0:11:52]} b5 {[%emt 0:00:23]} 28. gxf6+ {[%emt 0:02:49]} Rxf6 {[%emt 0:00:18]} 29. Rxf6 {[%emt 0:00:59]} Nxf6 {[%emt 0:00:01]} 30. Bd6 {[%emt 0:00:24]} Ng4 {[%emt 0:03:38]} 31. Kf3 {[%emt 0:00:38]} Nf6 {[%emt 0:06:36]} 32. Rc1 {[%emt 0:00:57]} Re6 {[%emt 0:00:32]} 33. Be5 {[%emt 0:07:46]} Kg6 {[%emt 0:00:27]} 34. Rg1+ {[%emt 0:01:23]} Kh5 {[%emt 0:00:28]} 35. Rg5+ {[%emt 0:02:02]} Kxh4 {[%emt 0:00:07]} 36. Rf5 {[%emt 0:00:25]} Ne4 {[%emt 0:00:13]} 37. Bf4 {[%emt 0:01:25]} h6 {[%emt 0:00:30]} 38. a4 {[%emt 0:00:28]} bxa4 {[%emt 0:00:06]} 39. bxa4 {[%emt 0:00:01]} Rg6 {[%emt 0:00:26]} 40. Rf8 {[%emt 0:00:30]} h5 {[%emt 0:01:16]} 41. Ra8 {[%emt 0:31:06]} Kh3 {[%emt 0:04:04]} 42. Rxa5 {[%emt 0:00:00]} Rg2 {[%emt 0:00:27]} 43. Bg3 {[%emt 0:00:00]} Rxg3+ {[%emt 0:01:27]} 44. Kf4 {[%emt 0:00:00]} Kg2 {[%emt 0:01:13]} 0-1

[Event "Gideon Japhet ACP Open 2018"]
[Site "Jerusalem"]
[Date "2018.07.06"]
[Round "7"]
[White "Pravdivetz, Vladimir"]
[Black "Zlatin, Alexander"]
[Result "0-1"]
[WhiteElo "1939"]
[BlackElo "2205"]
[Annotator "NA"]
[PlyCount "78"]
[EventDate "2018.07.01"]
[EventType "swiss"]
[EventCountry "ISR"]
[SourceTitle "playchess.com"]
[Source "ChessBase"]
[SourceQuality "1"]
[TimeControl "40/5400+30:1800+30"]

{[%evp 8,75,27,14,15,10,32767,25,12,8,18,32767,32767,0,6,0,15,8,4,-1,-4,0,0,0,29,7,6,3,0,0,-2,0,0,0,11,0,22,32767,32767,-33,32767,-7,-10,32767,32767,-125,-129,32767,32767,-274,32767,-401,32767,32767,32767,32767,32767,32767,-416,32767,32767,32767,32767,32767,32767,32767,32767,32767,32767,-999]} 1. d4 {[%emt 0:00:00]} Nf6 {[%emt 0:00:00]} 2. Nf3 {[%emt 0:00:00]} d5 {[%emt 0:00:15]} 3. c4 {[%emt 0:01:14]} e6 {[%emt 0:00:57]} 4. Nc3 {[%emt 0:00:29]} Be7 {[%emt 0:00:10]} 5. Bg5 {[%emt 0:01:04]} O-O {[%emt 0:00:19]} 6. e3 {[%emt 0:00:02]} b6 {[%emt 0:00:23]} 7. Bd3 {[%emt 0:05:01]} Bb7 {[%emt 0:00:11]} 8. Bxf6 {[%emt 0:00:14]} Bxf6 {[%emt 0:00:13]} 9. cxd5 {[%emt 0:00:23]} exd5 {[%emt 0:00:33]} 10. Qc2 {[%emt 0:03:10]} g6 {[%emt 0:01:00] LiveBook: 15 Games E12: Queen's Indian: Unusual White 4th moves, 4 a3, 4 Nc3 Bb7 5 a3 and 4 Nc3 Bb7} 11. b4 {[%emt 0:01:11]} c5 {[%emt 0:06:33]} 12. bxc5 {[%emt 0:00:03]} bxc5 {[%emt 0:00:03]} 13. Rb1 {[%emt 0:00:48]} cxd4 $146 {[%emt 0:11:21]} ({Predecessor:} 13... Bc6 14. O-O c4 15. Be2 Re8 16. Nd2 Na6 17. Bf3 Qd7 18. Qb2 {1-0 (38) Adianto,U (2589)-Eichab,C (2157) Turin 2006}) 14. Nxd4 {[%emt 0:01:13]} Bxd4 {[%emt 0:03:02]} 15. exd4 {[%emt 0:00:01]} Qe7+ {[%emt 0:01:41]} 16. Ne2 {[%emt 0:00:43]} Rc8 {[%emt 0:06:34]} 17. Qd2 {[%emt 0:00:29]} Ba6 {[%emt 0:00:18]} 18. Bxa6 {[%emt 0:01:40]} Nxa6 {[%emt 0:00:01]} 19. O-O {[%emt 0:00:18]} Nc7 {[%emt 0:08:24]} 20. Rb7 {[%emt 0:04:53]} Rcb8 {[%emt 0:03:04]} 21. Rfb1 {[%emt 0:04:21]} Rxb7 {[%emt 0:01:50]} 22. Rxb7 {[%emt 0:00:04]} Re8 {[%emt 0:01:10]} 23. Ng3 {[%emt 0:06:20]} Qd6 {[%emt 0:07:16]} 24. Nf1 {[%emt 0:06:34]} a6 {[%emt 0:02:06]} 25. Ne3 {[%emt 0:22:06]} Nb5 {[%emt 0:01:57]} 26. Qc1 {[%emt 0:09:20]} Nxd4 {[%emt 0:02:55]} 27. Rb2 {[%emt 0:00:48]} Ne6 {[%emt 0:03:25]} 28. Ng4 {[%emt 0:02:10]} (28. g3 $142) 28... Nf4 {[%emt 0:01:02]} 29. Qd1 {[%emt 0:01:43]} h5 {[%emt 0:01:30]} 30. Ne3 {[%emt 0:00:50]} Qe5 {[%emt 0:00:12]} 31. Rd2 {[%emt 0:00:24]} d4 {[%emt 0:00:34]} 32. Nc2 {[%emt 0:01:49]} d3 {[%emt 0:00:57]} 33. Ne3 {[%emt 0:00:05]} Rc8 {[%emt 0:00:46]} 34. Qe1 {[%emt 0:06:53]} Ne2+ {[%emt 0:06:27]} 35. Kh1 {[%emt 0:00:56]} Qa5 {[%emt 0:03:17]} 36. Rd1 {[%emt 0:00:24]} Qxe1+ {[%emt 0:00:32]} 37. Rxe1 {[%emt 0:00:01]} d2 {[%emt 0:00:09]} 38. Rd1 $19 {[%emt 0:02:33]} Rc1 {[%emt 0:00:23]} 39. g3 {[%emt 0:00:12]} Nc3 {[%emt 0:00:05]} 0-1

[Event "Gideon Japhet ACP Open 2018"]
[Site "Jerusalem"]
[Date "2018.07.06"]
[Round "7"]
[White "Landa, Alex"]
[Black "Golberg, Igor"]
[Result "1/2-1/2"]
[WhiteElo "1850"]
[BlackElo "2132"]
[Annotator "TA"]
[PlyCount "23"]
[EventDate "2018.07.01"]
[EventType "swiss"]
[EventCountry "ISR"]
[SourceTitle "playchess.com"]
[Source "ChessBase"]
[SourceQuality "1"]

{[%evp 22,23,23,0]} 1. d4 d5 2. c4 c6 3. Nc3 Nf6 4. Nf3 dxc4 5. a4 Bf5 6. Nh4 $146 ({Predecessor:} 6. Ne5 e6 7. f3 Bb4 8. e4 Bxe4 9. fxe4 Nxe4 10. Bd2 Qxd4 11. Nxe4 Qxe4+ 12. Qe2 Bxd2+ 13. Kxd2 Qd5+ 14. Kc3 O-O 15. Qe3 b5 16. Be2 Nd7 17. Nxd7 Qxd7 18. axb5 cxb5 19. Bf3 Rac8 20. Rxa7 b4+ 21. Kc2 Qb5 22. Kb1 g6 {0-1 (46) Fedoseev,V (2718)-Malakhov,V (2686) St Petersburg 2017}) 6... Bc8 7. Nf3 Bf5 8. Nh4 Bc8 9. Nf3 Bf5 10. Nh4 Bc8 11. Nf3 Bf5 12. Nh4 1/2-1/2

[Event "Gideon Japhet ACP Open 2018"]
[Site "Jerusalem"]
[Date "2018.07.06"]
[Round "7"]
[White "Levin, Natan"]
[Black "Savelenko, Arseny"]
[Result "1-0"]
[WhiteElo "1849"]
[BlackElo "2011"]
[Annotator "NA"]
[PlyCount "115"]
[EventDate "2018.07.01"]
[EventType "swiss"]
[EventCountry "ISR"]
[SourceTitle "playchess.com"]
[Source "ChessBase"]
[SourceQuality "1"]
[TimeControl "40/5400+30:1800+30"]

1. e4 {[%emt 0:03:59]} g6 {[%emt 0:07:34]} 2. Nf3 {[%emt 0:01:24]} Bg7 {[%emt 0:00:05]} 3. d4 {[%emt 0:00:19]} d6 {[%emt 0:00:08]} 4. Be2 {[%emt 0:00:40]} Bg4 {[%emt 0:00:59]} 5. c3 {[%emt 0:02:50] B06: Moderne Verteidigung} (5. Nbd2 Nf6 6. h3 Bxf3 7. Bxf3 Nbd7 8. O-O O-O 9. c3 e5 10. Re1 Qe7 11. Nc4 Rfe8 12. Bg5 h6 {1-0 (64) Le Roux,J (2554)-Bitalzadeh,A (2390) chess.com INT 2018}) 5... Nd7 {[%emt 0:02:25]} 6. O-O {[%emt 0:00:13]} Bxf3 {[%emt 0:01:25]} 7. Bxf3 {[%emt 0:02:00]} e5 {[%emt 0:00:23]} 8. Be3 {[%emt 0:00:42]} Ngf6 $146 {[%emt 0:01:16]} ({Vorgänger:} 8... c6 9. Nd2 Ne7 10. d5 cxd5 11. exd5 f5 12. Bg5 {0-1 (31) Serrano Polo,C-Romero Naranjo,I Torremolinos 2003}) 9. Qb3 {[%emt 0:00:53]} Qc8 {[%emt 0:00:48]} 10. Nd2 {[%emt 0:00:43]} O-O {[%emt 0:00:49]} 11. Rac1 {[%emt 0:01:38]} Re8 {[%emt 0:01:25]} 12. h3 {[%emt 0:03:19]} Nf8 {[%emt 0:00:42]} 13. Rfe1 {[%emt 0:00:42]} Ne6 {[%emt 0:00:05]} 14. dxe5 {[%emt 0:00:14]} dxe5 {[%emt 0:00:09]} 15. Nc4 {[%emt 0:00:44]} Nd8 {[%emt 0:03:00]} 16. Rcd1 {[%emt 0:00:58]} Nc6 {[%emt 0:00:06]} 17. Bg5 {[%emt 0:00:50]} h5 {[%emt 0:07:09]} 18. Ne3 {[%emt 0:09:00]} Nd8 {[%emt 0:06:40]} 19. Nd5 {[%emt 0:09:42]} Nxd5 {[%emt 0:00:08]} 20. Rxd5 {[%emt 0:00:29]} Ne6 {[%emt 0:00:30]} 21. Be3 {[%emt 0:02:55]} c6 {[%emt 0:01:07]} 22. Rd2 {[%emt 0:01:01]} Rd8 {[%emt 0:19:37]} 23. Red1 {[%emt 0:01:52]} Rxd2 {[%emt 0:00:38]} 24. Rxd2 {[%emt 0:00:13]} Qc7 {[%emt 0:01:15]} 25. Qa4 {[%emt 0:03:41]} ({Better is} 25. g4 $14) 25... Bf8 {[%emt 0:02:23]} 26. b4 {[%emt 0:01:48]} a5 {[%emt 0:01:22]} 27. a3 {[%emt 0:00:22]} b5 {[%emt 0:00:17]} 28. Qb3 {[%emt 0:00:51]} c5 {[%emt 0:07:03]} 29. Rd5 {[%emt 0:10:23]} axb4 {[%emt 0:06:15]} 30. axb4 {[%emt 0:00:20]} cxb4 {[%emt 0:01:03]} 31. cxb4 {[%emt 0:00:53]} Ra1+ {[%emt 0:00:13]} 32. Rd1 {[%emt 0:03:09]} Ra4 {[%emt 0:00:32]} 33. Qd5 {[%emt 0:01:50]} Rxb4 {[%emt 0:01:20]} 34. Qa8 {[%emt 0:03:22]} Kg7 {[%emt 0:05:55]} 35. Qe8 {[%emt 0:07:14]} Qe7 {[%emt 0:05:43]} 36. Qa8 {[%emt 0:06:27]} Qc7 {[%emt 0:11:19]} 37. Rd5 {[%emt 0:02:35]} Rb1+ {[%emt 0:00:23]} 38. Kh2 {[%emt 0:00:29]} Nd4 {[%emt 0:00:15]} 39. Bh6+ {[%emt 0:00:49]} Kxh6 {[%emt 0:00:13]} 40. Qxf8+ {[%emt 0:00:14]} Kg5 {[%emt 0:00:12]} 41. Bxh5 {[%emt 0:37:50]} Kxh5 $2 {[%emt 0:31:16]} (41... Qc1 $11 42. Qe7+ f6 43. Rxe5+ Nf5 44. Rxf5+ gxf5 45. Qg7+ Kf4 46. Qg3+ Kxe4 47. Bf3+ Kd3 48. Qd6+ Kc4) 42. Qh8+ {[%emt 0:01:34]} Kg5 {[%emt 0:00:04]} 43. Rxe5+ {[%emt 0:02:23]} f5 {[%emt 0:00:17]} 44. exf5 {[%emt 0:03:33]} Nxf5 {[%emt 0:02:24]} 45. g3 {[%emt 0:00:51]} Rb4 {[%emt 0:00:55]} 46. Re6 {[%emt 0:04:06]} Ng7 {[%emt 0:02:22]} 47. Re3 {[%emt 0:00:00]} Nf5 {[%emt 0:00:00]} 48. Re6 {[%emt 0:00:00]} Ng7 {[%emt 0:00:00]} 49. h4+ {[%emt 0:00:00]} Kf5 {[%emt 0:00:00]} 50. Re3 {[%emt 0:00:00]} Ne6 {[%emt 0:00:00]} 51. Rf3+ {[%emt 0:00:00]} Kg4 {[%emt 0:00:00]} 52. Rf6 {[%emt 0:00:00]} Qc2 {[%emt 0:00:00]} 53. Qh6 {[%emt 0:00:00]} Rc4 {[%emt 0:05:31]} 54. Rxg6+ {[%emt 0:00:00]} Kf5 {[%emt 0:00:15]} 55. Qh5+ {[%emt 0:00:00]} Ke4 {[%emt 0:00:04]} 56. Rxe6+ {[%emt 0:00:00]} Kd3 {[%emt 0:00:07]} 57. Re3+ {[%emt 0:00:00]} Kd2 58. Re2+ 1-0